| 000 | 01761nam a2200493 i 4500 | ||
|---|---|---|---|
| 001 | 193035 | ||
| 003 | ES-MaACL | ||
| 005 | 20250816233154.0 | ||
| 007 | ta | ||
| 008 | 230723s2018 sp 000 0 spa d | ||
| 017 |
_aM-12331-2018, _bOficina Depósito Legal Madrid |
||
| 020 | _a9788494823107 | ||
| 020 | _a8494823108 | ||
| 035 | _aRebiun22813722 | ||
| 040 |
_aS9M _bspa _cS9M |
||
| 080 |
_a2-135 _22015 |
||
| 080 |
_a2-53/55 _22015 |
||
| 080 |
_a2-558.2 _22015 |
||
| 080 |
_a2-264 _22015 |
||
| 080 |
_a2-522 _22015 |
||
| 100 | 1 |
_aGonzález-Alcalde, Julio _eaut _9176467 |
|
| 245 | 1 | 0 |
_aDioses, ritos de iniciación y cuevas-santuario : _btotemismo del lobo / _cJulio González-Alcalde |
| 250 | _a1 êd | ||
| 260 |
_aMadrid : _bEntrelíneas Editores, _c2018 |
||
| 300 |
_a248 p. : _bil. ; _c23 cm |
||
| 336 |
_2rdacontent _aTexto |
||
| 337 |
_2rdamedia _asin mediación |
||
| 338 |
_2rdacarrier _avolumen |
||
| 500 | _aCatalogación provisional. Signatura: N 8538. Depósito J. | ||
| 504 | _aBibliografía : p. [229] -250 | ||
| 650 | 0 | 4 |
_aMitología _915092 |
| 650 | 0 | 7 |
_aLobos _xEn el arte. _9233843 |
| 650 | 0 | 7 |
_aRitos y ceremonias _2embne _916917 |
| 650 | 0 | 7 |
_aRitos de iniciación _9163868 |
| 650 | 0 | 7 |
_aLugares sagrados _9155420 |
| 650 | 0 | 7 |
_aReligiones primitivas _2embne _916825 |
| 852 |
_aEs-MaACL _bR 152961 _cDEPOJ _jN 8538 _gFirmado y dedicado por el autor _hDonación: Julio González-Alcalde _zEn proceso _9200340 |
||
| 903 |
_aGonzález-Alcalde, Julio _ednr _9176467 |
||
| 942 |
_n0 _cMONOGRAFIA |
||
| 999 |
_c193035 _d193035 |
||